000 02803nkm0a2200409 4500
001 RU\NLR\BIBL_A\022674317
005 20260406163935.0
035 _a(NLR Aleph) 022674317
090 _a13539807
_c13539807
100 _a20251127d1916 u y0rusy50 ca
101 0 _arus
102 _aRU
116 _aiiyaxx zz ad
135 _acrcn 024anaba
181 0 _ab4
_bxb2e
182 0 _an
200 1 _aГастроль Лины Кавальери
_eкрасивейшей женщины в мире и королевы бриллиантов, выступающей впервые на экране и в первой по красоте картине
_eНевеста смерти
_eГвоздь сезона! Мировой шедевр!
_eВысокохудожественная драма в 5-ти частях с прологом
_eбогатая постановка, роскошные фотографии и захватывающий сюжет этой бесподобной драмы производят на зрителя сильное впечатление
_eДостаточно сказать, что только в четырех московских театрах эта картина выдержала рядовые постановки в течение 32 дней при переполненных сборах
_eАкционерное общество "Биохром"
_e[плакат]
203 _aИзображение
_bнеподвижное
_bдвухмерное
_bвизуальное
_cнепосредственное
210 _aМосква
_cАкционерное общество "Биохром"
_d1916
_eМосква
_gТипография преемн. А. З. Киселева
215 _a1 л. (11 изобр.)
_cфотомех. печ.
_d106,7х70,8
325 _aКопия доступна в Электрон. б-ке РНБ
327 0 _aЧ/б фото Лины Кавальери и сцен фильма
606 1 _aКиноплакат русский
_z1908 - 1919
_92508567
_3RU\NLR\AUTH\6601702435
686 _aЩ153(2Р=Рус)53-465
712 0 2 _4650
_a"Биохром", акционерное общество
_cПетербург
_3RU\NLR\AUTH\889935348
_9365627
852 0 0 _aNLR
_bЭ
_jАфИс900-II/Н401
_mЭаф5047
852 0 0 _aNLR
_bЭ
_jАфИс900-II/Н401
_mинв.155384
856 0 _uhttps://vivaldi.nlr.ru/la700001506/view
856 1 _uhttps://vivaldi.nlr.ru/la700001506/cover
856 2 _uhttps://vivaldi.nlr.ru/la700001506/text
942 _cVISUAL
980 _aNB
981 1 7 _a(17) Изографические материалы
_b(17) Плакаты